00859cam a22002411 4500001001300000003000400013005001700017008004100034010001700075035002000092040004200112042001200154050002800166100003200194245006700226260006300293300007500356410006100431504003000492650004000522650003800562999001700600gs 34001038 DLC20260227111339.0851121s1934 ii abf b 000 0 eng c ags 34001038  a(OCoLC)12830599 aU.S. Geol. Survey. LibrarycTxHRdDLC apremarc00aQE295b.A4 vol.63, pt.21 aJones, Hubert Cecil,d1881-14aThe iron-ore deposits of Bihar and Orissa,cby H. Cecil Jones. aCalcutta,bOffice of the Geological Survy of India,c1934. aiv, 167-302, xxv p. incl. tables.b13-31 pl. (incl. fold. map)c27 cm.20aGeological Survey of India.tMemoirs,vvol. LXIII, pt. 2 aBibliography: p. 300-302. 0aIron oreszIndiazBihar and Orissa. 0aGeologyzIndiazBihar and Orissa. c27155d27155